00946cam a2200241 4500001001300000003000400013005001700017008004100034010001700075040003600092070002300128100002300151245012000174260010000294300002300394410008000417650004300497650003000540650004300570651003000613700004400643999001700687agr68000019 DLC20260227111028.0691105s1967 dcu 000 0 eng c aagr68000019  aU.S. Nat'l Agr. Libr.cDLCdDLC0 aaHD1407 .A3 no. 161 aKutish, Francis A.12aA study of the economics of land use and livestock production in Greece,cby Francis A. Kutish and Harry G. Sitler. a[Washington]bInternational Agricultural Development Service, U.S. Dept. of Agriculture,c1967. aiii, 57 p.c26 cm.10aUnited States.bInternational Agricultural Development Service.tIADS-Sv16 0aAgriculturexEconomic aspectszGreece. 0aDomestic animalszGreece. 3aAgriculturexEconomic aspectszGreece. 3aGreecexDomestic animals.1 aSitler, Harry G.,d1912-ejoint author. c12337d12337